[Event "Sebes GP op"]
[Site "Sebes"]
[Date "2023.11.04"]
[Round "1"]
[White "Radu, Paul Florian"]
[Black "Nanu, Ciprian Costica"]
[Result "0-1"]
[WhiteElo "1468"]
[BlackElo "2524"]
[PlyCount "52"]
[EventDate "2023.11.04"]
[EventType "swiss"]
[EventRounds "10"]
[EventCountry "ROU"]
[SourceTitle "CB46_2023"]
[SourceDate "2023.11.15"]
[SourceVersion "1"]
[SourceVersionDate "2023.11.15"]
[SourceQuality "1"]

1. c4 e5 2. g3 Nf6 3. Bg2 c6 4. e4 d5 5. cxd5 cxd5 6. exd5 Bc5 7. Ne2 0-0 8. 0-0 Bg4 9. Nbc3 Nbd7 10. h3 Bh5 11. g4 Bg6 12. d4 exd4 13. Nxd4 Re8 14. Bf4 Nb6 15. Nb3 Bd6 16. Bxd6 Qxd6 17. Nb5 Qf4 18. d6 Rad8 19. Bxb7 Ne4 20. Bc6 Re6 21. N3d4 Rf6 22. Qe2 a6 23. Nc3 Ng5 24. Bg2 Qxd4 25. Qxa6 Bd3 26. Rfd1 Nc4 0-1

[Event "ROM-ch U12"]
[Site "Calimanesti"]
[Date "2014.04.08"]
[Round "3"]
[White "Radu, Paul Florian"]
[Black "Toma, Mihai Iulian"]
[Result "0-1"]
[WhiteElo "1169"]
[BlackElo "1564"]
[PlyCount "28"]
[EventDate "2014.04.06"]
[EventType "swiss"]
[EventRounds "9"]
[EventCountry "ROU"]
[SourceTitle "CBM 160 Extra"]
[Source "ChessBase"]
[SourceDate "2014.07.01"]
[SourceVersion "1"]
[SourceVersionDate "2014.07.01"]
[SourceQuality "1"]

1. e4 e5 2. Nf3 Nc6 3. Bc4 Bc5 4. d3 Nf6 5. Be3 Bb6 6. c3 d5 7. exd5 Nxd5 8. Bxb6 Nxb6 9. Bb3 Bg4 10. h3 Bh5 11. Qe2 0-0 12. Nbd2 Nd5 13. Bxd5 Qxd5 14. 0-0 Rad8 0-1